Faculty of Law Library — Cairo University

Official Online Catalog

الفساد الاداري والمالي في العقود الادارية ودور الاجهزة الرقابية في مكافحته في القانون العراقي والمصري (دراسة مقارنة) / (Record no. 73099)

MARC details
000 -LEADER
fixed length control field 05897nam a22004817a 4500
003 - CONTROL NUMBER IDENTIFIER
control field EG-GICUC
005 - أخر تعامل مع التسجيلة
control field 20260423134858.0
008 - FIXED-LENGTH DATA ELEMENTS--GENERAL INFORMATION
fixed length control field 260423s2026 ua ||||f m||| 000 0 ara d
040 ## - CATALOGING SOURCE
Original cataloguing agency EG-GICUC
Transcribing agency EG-GICUC
Modifying agency EG-GICUC
Description conventions rda
Language of cataloging: ara
041 0# - LANGUAGE CODE
Language code of text/sound track or separate title ara
Language code of summary or abstract ara
Language code of sung or spoken text ara
049 ## - Acquisition Source
Acquisition Source إهداء
082 04 - DEWEY DECIMAL CLASSIFICATION NUMBER
Classification number 345.82224
Edition number 21
097 ## - Degree
Degree Ph.D
099 ## - LOCAL FREE-TEXT CALL NUMBER (OCLC)
Local Call Number Law 07 PHD 2026
100 0# - MAIN ENTRY--PERSONAL NAME
Authority record control number or standard number عباس شلاش داود الشمري
Preparation مؤلف.
245 10 - TITLE STATEMENT
Title الفساد الاداري والمالي في العقود الادارية ودور الاجهزة الرقابية في مكافحته في القانون العراقي والمصري (دراسة مقارنة) /
Statement of responsibility, etc. إعداد عباس شلاش داود الشمري؛ إشراف الأستاذ الدكتور جابر جاد نصار.
264 #0 - PRODUCTION, PUBLICATION, DISTRIBUTION, MANUFACTURE, AND COPYRIGHT NOTICE
Place of production, publication, distribution, manufacture الجيزة:
Name of producer, publisher, distributor, manufacturer كلية الحقوق - جامعة القاهرة،
Date of production, publication, distribution, manufacture, or copyright notice 1982.
300 ## - PHYSICAL DESCRIPTION
Extent 340 صفحة :
Dimensions 30 سم.
336 ## - CONTENT TYPE
Content type term text
Source rda content
337 ## - MEDIA TYPE
Media type term Computer
Source rda media
338 ## - CARRIER TYPE
Carrier type term Online Resource
Source rda carrier
500 ## - General note
General note تحتوي علي صفحة عنوان باللغة الإنجليزية
502 ## - DISSERTATION NOTE
Dissertation note أطروحة (دكتوراه) - جامعة القاهرة-كلية الحقوق - قسم قانون اداري، 2026.
504 ## - BIBLIOGRAPHY, ETC. NOTE
Bibliography, etc. note يشتمل على إرجاعات بيبليوجرافية: 309-330 صفحة
520 3# - SUMMARY, ETC.
Summary, etc. تناول هذه الدراسة موضوع الفساد الإداري والمالي في العقود الإدارية في كل من القانونين العراقي والمصري، بوصفه أحد أخطر الظواهر التي تهدد كفاءة الإدارة العامة وتمس مبدأ المشروعية وسيادة القانون، وتنعكس سلبا على التنمية الاقتصادية والثقة بالمؤسسات العامة. وتكتسب العقود الإدارية خصوصية قانونية نظراً لاتصالها بالمصلحة العامة وتمتع الإدارة فيها بامتيازات السلطة العامة، الأمر الذي قد يفتح المجال الإساءة استعمال السلطة أو الانحراف بها بما يفضي إلى صور متعددة من الفساد.<br/><br/>تهدف الدراسة إلى بيان مفهوم الفساد الإداري والمالي في نطاق العقود الإدارية، وتحليل صوره ومظاهره في مرحلتي إبرام العقد وتنفيذه، مع بيان أسبابه القانونية والإدارية والاقتصادية، ثم تقييم الإطار التشريعي والرقابي في كل من العراق ومصر لمكافحة هذه الظاهرة، كما تسعى الدراسة إلى إجراء مقارنة تحليلية بين النظامين القانونيين للكشف عن أوجه الاتفاق والاختلاف، ومدى فاعلية الآليات المعتمدة في الحد من الفساد في مجال التعاقد الإداري.<br/><br/>اعتمدت الدراسة المنهج التحليلي المقارن من خلال تحليل النصوص القانونية المنظمة للعقود الإدارية وأحكام القضاء الإداري، فضلا عن استعراض دور الأجهزة الرقابية، مثل هيئات النزاهة والأجهزة المركزية للرقابة والمحاسبة، في الكشف عن مخالفات التعاقد ومساءلة المسؤولين عنها.<br/><br/>وقد خلصت الدراسة إلى أن الفساد في العقود الإدارية غالبًا ما يرتبط بضعف الشفافية في إجراءات الطرح والترسية، وقصور آليات الرقابة السابقة واللاحقة، فضلاً عن اتساع السلطة التقديرية للإدارة دون ضوابط كافية. كما تبين أن التشريعين العراقي والمصري تضمنا نصوصًا متعددة لمكافحة الفساد، إلا أن فاعليتها تتوقف على حسن التطبيق وتعزيز استقلالية الأجهزة الرقابية وتكامل أدوارها، إلى جانب تفعيل الرقابة القضية على مشروعية القرارات المفصلة وإجراءات التعاقد.<br/><br/>وأوصت الدراسة بضرورة تحديث التشريعات المنظمة للعقود الإدارية بما يعزز مبادئ الشفافية والمنافسة وتكافؤ الفرص، وتطوير أنظمة التعاقد الإلكتروني، وتوسيع نطاق الإفصاح والرقابة المجتمعية فضلا عن دعم التعاون بين الأجهزة الرقابية في البلدين وتبادل الخبرات، بما يسهم في الحد من الفساد وصون المال العام وتحقيق المصلحة العامة.
546 ## - LANGUAGE NOTE
Text Language النص بالعربية والملخص باللغة الإنجليزية والعربية.
650 04 - SUBJECT ADDED ENTRY--TOPICAL TERM
Topical term or geographic name entry element القانون الإداري
Geographic subdivision مصر
650 04 - SUBJECT ADDED ENTRY--TOPICAL TERM
Topical term or geographic name entry element القانون الإداري
Geographic subdivision العراق
653 #0 - INDEX TERM--UNCONTROLLED
Uncontrolled term الرقابة القضائية
653 #0 - INDEX TERM--UNCONTROLLED
Uncontrolled term الرقابة التنفيذية
653 #0 - INDEX TERM--UNCONTROLLED
Uncontrolled term الرقابة التشريعية
653 #0 - INDEX TERM--UNCONTROLLED
Uncontrolled term المفاوضات السابقة للتعاقد
653 #0 - INDEX TERM--UNCONTROLLED
Uncontrolled term العقد الاداري
655 #4 - INDEX TERM--GENRE/FORM
Genre/form data or focus term رسائل جامعية
Geographic subdivision جامعة القاهرة
700 0# - ADDED ENTRY--PERSONAL NAME
Personal name جابر جاد نصار
Relator term مشرف.
700 0# - ADDED ENTRY--PERSONAL NAME
Personal name منصور محمد أحمد
Relator term مشرف مشارك
700 0# - ADDED ENTRY--PERSONAL NAME
Personal name أيمن أبو حمزة
Relator term مشرف مشارك
710 2# - ADDED ENTRY--CORPORATE NAME
Corporate name or jurisdiction name as entry element جامعة القاهرة
Subordinate unit كلية الحقوق
856 ## - ELECTRONIC LOCATION AND ACCESS
Uniform Resource Identifier <a href="https://fll.law.cu.edu.eg/fulltext/th/T07-02280.pdf">https://fll.law.cu.edu.eg/fulltext/th/T07-02280.pdf</a>
900 ## - Thesis Information
Grant date 2026
Universities جامعة القاهرة
Faculties كلية الحقوق
Department قسم القانون الإداري
905 ## - Cataloger and Reviser Names
Cataloger Name: Hoda
942 ## - ADDED ENTRY ELEMENTS (KOHA)
Source of classification or shelving scheme Dewey Decimal Classification
Suppress in OPAC No
Koha item type Thesis
Edition 21
Holdings
Source of classification or shelving scheme Collection Home library Current library Date acquired Full call number Barcode Date last seen Copy number Effective from Koha item type
Dewey Decimal Classification القانون الإداري جــــامعة القــاهرة مكتبة كلية الحقوق - المبنى الرئيسي 23.04.2026 Law1 07 PHD 2026 0702280 C1 T07-02280 23.04.2026 1 23.04.2026 Thesis
Dewey Decimal Classification القانون الإداري جــــامعة القــاهرة مكتبة كلية الحقوق - المبنى الرئيسي 23.04.2026 Law1 07 PHD 2026 0702281 C2 T07-02281 23.04.2026 2 23.04.2026 Thesis
Dewey Decimal Classification القانون الإداري جــــامعة القــاهرة مكتبة كلية الحقوق - فـرع الشيخ زايد 23.04.2026 Law2 07 PHD 2026 0702282 C3 T07-02282 23.04.2026 3 23.04.2026 Thesis

© All rights reserved — Faculty of Law, Cairo University